000 01537nam a2200349 c 4500
003 BLK
005 20250603155303.0
008 180409b bul|||||r ||||||| ||bul||
010 _aKNG00139587000
020 _a978-954-325-034-9
_bиздат.: Планета
040 _aBLK
041 _aBUL
_cBUL
072 7 _2bullib
_aН83
_xЧужда художествена литература Н
080 _aКласическа гръцка литература. Старогръцка литература
_b821.142
_x-83
_z821.142-83
100 1 _aПлатон
_eпърви автор
_9111118
700 _aГочев, Георги Иванов
_d1981 -
_gФилолог
_9378566
700 _aБогданов, Богдан Иванов
_d1940 - 2016
_gФилолог. Преводач от старогръцки език.
_9363777
139 _aПлатон
_bП 58
245 1 0 _aПир
_cПлатон; прев. от старогр., уводна студия и бел. Георги Иванов Гочев; ред. Богдан Иванов Богданов.
257 _aDRG
260 София
_bПланета
_c2011
_fСофия : Симолини 94
300 _a120 с.
_c21 см
380 _aX
490 1 _aПоредица Антична философия
659 _aН
852 _aЦб 258321
856 4 _qpdf
_u
856 4 _qpdf
_u
942 _cKNG
_n0
944 _aCR
_c15.02.2013
_k30560
_lГеновева Генчева
944 _aED
_c24.06.2016
_kВиолета_Тройчева
999 _c133687
_d133687